000 00734nam a2200289Ia 4500
005 20260324130550.0
008 008 260324s9999 xx 000 0 eng d
020 _a9781315500133
037 _aEBOOK
040 _aCRL
040 _beng
040 _cCRL
041 _2eng
041 _aeng
084 _qCRL
100 _aC.C. Onyemelukwe
_91182258
245 4 _aThe Science of Economic Development and Growth: The Theory of Factor Proportions
245 4 _bThe Theory of Factor Proportions
260 _bTaylor and Francis
260 _c2007
365 _a
365 _b230
856 _uhttp://www.taylorfrancis.com/books/9781315500133
942 _cEBOOK
999 _c1778542
_d1778542